000 00491nam a2200169Ia 4500
999 _c25766
_d25766
003 OSt
005 20211116125302.0
008 190216s9999||||xx |||||||||||||| ||und||
040 _coclc
082 _a894.8121
_bUNI/K
100 _aUniversity Of Kerala
245 0 _aKavya Kairali Vol 2 /
260 _bSuperintendent Department Of Pub,
_c1967.
_aThiruvananthapuram:
300 _a112p
650 _aKavithkal
942 _cBK
_2ddc
_h894.8121
_iUNI/K
_k894.8121
_mUNI/K